000 00487nam a22001577a 4500
003 OSt
008 260627b |||||||| |||| 00| 0 eng d
020 _a9780367280543
082 _a519.53
_bK49S
100 _aKim, Jae Kwang
245 _aStatistical Methods for Handling Incomplete Data /by Jae Kwang Kim , Jun Shao
260 _aLondon:
_bCRC Press,
_c2022.
300 _axvi, 364 p.
650 _aPure Sciences | Mathematics | Statistics | Multivariate Analysis
942 _2ddc
_cBK
999 _c52405
_d52405